[Event "Prague Summer op-A 3rd"]
[Site "Prague"]
[Date "2016.08.09"]
[Round "6"]
[White "Gantsooj, Ganzorig"]
[Black "Hrabusa, Matej"]
[Result "0-1"]
[WhiteElo "2164"]
[BlackElo "2298"]
[PlyCount "98"]
[EventDate "2016.08.05"]
[EventType "swiss"]
[EventRounds "9"]
[EventCountry "CZE"]
[SourceTitle "CBM 173 Extra"]
[Source "ChessBase"]
[SourceDate "2016.08.29"]
[SourceVersion "1"]
[SourceVersionDate "2016.08.29"]
[SourceQuality "1"]

1. e4 c5 2. Nf3 d6 3. d4 cxd4 4. Nxd4 Nf6 5. Nc3 a6 6. Bc4 e6 7. Bb3 Nbd7 8. f4 Nc5 9. f5 Nfxe4 10. Nxe4 Nxe4 11. 0-0 e5 12. Nf3 Bxf5 13. Bxf7+ Kxf7 14. Ng5+ Ke8 15. Rxf5 Qb6+ 16. Kf1 Nxg5 17. Bxg5 g6 18. Rf3 Be7 19. Be3 Qb5+ 20. Kg1 Rf8 21. Rxf8+ Kxf8 22. Qg4 Kg7 23. Qe6 Qe8 24. Rf1 Bg5 25. Qb3 Bxe3+ 26. Qxe3 Qe7 27. Qb6 Rf8 28. Rxf8 Kxf8 29. c4 Ke8 30. b3 Qh4 31. Kf1 Qf4+ 32. Ke2 Qe4+ 33. Kf2 Qc6 34. Qa5 Qc5+ 35. Qxc5 dxc5 36. Ke3 Ke7 37. Ke4 Ke6 38. g3 h5 39. h3 Kf6 40. a3 a5 41. Kd5 Kf5 42. Kxc5 e4 43. g4+ hxg4 44. hxg4+ Kxg4 45. Kb6 e3 46. Kxb7 e2 47. c5 e1Q 48. c6 Qe4 49. Kb6 Qe3+ 0-1

[Event "Prague Summer op-A 3rd"]
[Site "Prague"]
[Date "2016.08.08"]
[Round "5"]
[White "Blom, Vincent"]
[Black "Gantsooj, Ganzorig"]
[Result "1-0"]
[WhiteElo "2306"]
[BlackElo "2164"]
[PlyCount "157"]
[EventDate "2016.08.05"]
[EventType "swiss"]
[EventRounds "9"]
[EventCountry "CZE"]
[SourceTitle "CBM 173 Extra"]
[Source "ChessBase"]
[SourceDate "2016.08.29"]
[SourceVersion "1"]
[SourceVersionDate "2016.08.29"]
[SourceQuality "1"]

1. Nf3 Nf6 2. g3 g6 3. Bg2 Bg7 4. 0-0 0-0 5. c4 d6 6. Nc3 Nc6 7. d4 Bg4 8. h3 Bxf3 9. Bxf3 Nd7 10. e3 e5 11. Ne2 Qf6 12. Kg2 exd4 13. Bxc6 bxc6 14. Nxd4 Ne5 15. Qe2 c5 16. Nf3 Rfb8 17. Nxe5 Qxe5 18. Qd3 Rb6 19. Rb1 Rab8 20. b3 Qe6 21. Bd2 Ra6 22. a4 Rab6 23. Rfd1 Qc8 24. Ba5 R6b7 25. Qc2 h5 26. Rd3 Qf5 27. Qd1 h4 28. g4 Qe4+ 29. f3 Qe7 30. Qc2 c6 31. Be1 Bf6 32. Bf2 Rd8 33. Rbd1 Rbd7 34. e4 Qe5 35. Qd2 Kg7 36. Qe1 g5 37. Bg1 Kf8 38. Bh2 Qe6 39. Bg1 Qe5 40. Bh2 Qe6 41. Qd2 Be7 42. Qc3 Bf6 43. Qc1 Kg8 44. Qd2 Be7 45. Qe3 d5 46. exd5 cxd5 47. cxd5 Rxd5 48. Kf2 Bf6 49. Rxd5 Rxd5 50. Qxe6 fxe6 51. Rxd5 exd5 52. Bd6 Bd4+ 53. Ke2 Kf7 54. Bb8 c4 55. bxc4 dxc4 56. f4 gxf4 57. Bxf4 Bf6 58. Ke3 Ke6 59. Ke4 Bc3 60. Bg5 Be1 61. Kd4 c3 62. Kd3 Ke5 63. Be3 a6 64. Bd4+ Kf4 65. Bxc3 Bf2 66. Bd2+ Kg3 67. g5 Bc5 68. g6 Bf8 69. Bc3 Kxh3 70. g7 Bxg7 71. Bxg7 Kg4 72. Ke4 a5 73. Be5 Kg5 74. Kd5 h3 75. Kc6 Kf5 76. Bh2 Ke6 77. Kb6 Kd7 78. Kxa5 Kc6 79. Ka6 1-0

[Event "World Amateur-ch U2300"]
[Site "Chalkidiki"]
[Date "2016.04.25"]
[Round "7"]
[White "Gantsooj, Ganzorig"]
[Black "Valgmae, Toomas"]
[Result "0-1"]
[WhiteElo "2172"]
[BlackElo "2226"]
[PlyCount "84"]
[EventDate "2016.04.19"]
[EventType "swiss"]
[EventRounds "9"]
[EventCountry "GRE"]
[SourceTitle "CBM 172 Extra"]
[Source "ChessBase"]
[SourceDate "2016.06.21"]
[SourceVersion "1"]
[SourceVersionDate "2016.06.21"]
[SourceQuality "1"]

1. e4 c6 2. d4 d5 3. Nc3 dxe4 4. Nxe4 Bf5 5. Ng3 Bg6 6. h4 h6 7. Nf3 Nd7 8. h5 Bh7 9. Bd3 Bxd3 10. Qxd3 e6 11. Bd2 Ngf6 12. 0-0-0 Bd6 13. Ne4 Nxe4 14. Qxe4 Nf6 15. Qe2 Bc7 16. c4 b5 17. g4 bxc4 18. g5 hxg5 19. Bxg5 Qd5 20. h6 Qf5 21. hxg7 Rg8 22. Bxf6 Bf4+ 23. Nd2 c3 24. Rh8 cxd2+ 25. Rxd2 Kd7 26. Qa6 Qxf6 27. Qb7+ Bc7 28. Rc2 Qg5+ 29. Kb1 Qd5 30. Qxa8 Rxa8 31. Rxa8 Qh1+ 32. Rc1 Qh7+ 33. Ka1 Qxg7 34. Rxa7 Qxd4 35. Rb7 Qxf2 36. Rb3 Qd4 37. a3 Be5 38. Rf1 f5 39. Rff3 Kc7 40. Rfd3 Qc4 41. Rh3 Kd6 42. Rhd3+ Bd4 0-1

[Event "Asia-ch U16"]
[Site "Ulaanbaatar"]
[Date "2016.04.13"]
[Round "8"]
[White "Zoljargal, Altankhuyag"]
[Black "Gantsooj, Ganzorig"]
[Result "1-0"]
[WhiteElo "1894"]
[BlackElo "2172"]
[PlyCount "61"]
[EventDate "2016.04.06"]
[EventType "swiss"]
[EventRounds "9"]
[EventCountry "MGL"]
[SourceTitle "EXT 2017"]
[Source "ChessBase"]
[SourceDate "2016.10.25"]
[SourceVersion "1"]
[SourceVersionDate "2016.10.25"]
[SourceQuality "1"]

1. e4 e5 2. Nf3 Nc6 3. Bb5 a6 4. Bxc6 dxc6 5. h3 Bd6 6. 0-0 c5 7. c3 Qe7 8. d4 cxd4 9. cxd4 Bd7 10. dxe5 Bxe5 11. Qd5 f6 12. Qxb7 Qd8 13. Nxe5 fxe5 14. Qd5 Ne7 15. Qxe5 0-0 16. Bg5 Rf7 17. Nc3 c6 18. Qd6 Qe8 19. Rad1 Ng6 20. f4 Rb8 21. f5 Nf8 22. Rd2 Rb7 23. Rdf2 Qc8 24. g4 Be8 25. e5 Rfd7 26. Qc5 Bf7 27. e6 Bxe6 28. fxe6 Nxe6 29. Qc4 Rd5 30. Nxd5 Qb8 31. Ne7+ 1-0

[Event "Asia-ch U16"]
[Site "Ulaanbaatar"]
[Date "2016.04.12"]
[Round "7"]
[White "Gantsooj, Ganzorig"]
[Black "Turar, Dastan"]
[Result "0-1"]
[WhiteElo "2172"]
[BlackElo "2280"]
[PlyCount "78"]
[EventDate "2016.04.06"]
[EventType "swiss"]
[EventRounds "9"]
[EventCountry "MGL"]
[SourceTitle "EXT 2017"]
[Source "ChessBase"]
[SourceDate "2016.10.25"]
[SourceVersion "1"]
[SourceVersionDate "2016.10.25"]
[SourceQuality "1"]

1. e4 e6 2. d4 d5 3. Nc3 Bb4 4. e5 c5 5. a3 Ba5 6. b4 cxd4 7. Nb5 Bc7 8. f4 Bd7 9. Nxc7+ Qxc7 10. Nf3 Ba4 11. Bd3 Ne7 12. Bb2 Nbc6 13. 0-0 Qb6 14. Kh1 Bb5 15. Rc1 Bxd3 16. Qxd3 Nf5 17. g4 Ne3 18. Bxd4 Nxd4 19. Qxe3 Nxf3 20. Qxf3 0-0-0 21. c4 dxc4 22. Rxc4+ Kb8 23. Qc3 h5 24. g5 h4 25. h3 Rd5 26. Rc1 Qd8 27. Rc2 a6 28. Kg2 Rd1 29. Qf3 Rd2+ 30. Kf1 Rxc2 31. Rxc2 Qd4 32. Kg2 Rd8 33. Rf2 g6 34. Kh2 Rc8 35. Qe2 Rc3 36. Rf3 Rc1 37. Rf2 Qa1 38. Qf3 Rc3 39. Qg2 Rg3 0-1

[Event "Budapest FS11 IM"]
[Site "Budapest"]
[Date "2015.11.17"]
[Round "9"]
[White "De Silva, Nirosh"]
[Black "Gantsooj, Ganzorig"]
[Result "0-1"]
[WhiteElo "2217"]
[BlackElo "2208"]
[PlyCount "98"]
[EventDate "2015.11.07"]
[EventType "tourn"]
[EventRounds "9"]
[EventCountry "HUN"]
[EventCategory "1"]
[SourceTitle "CBM 169 Extra"]
[Source "ChessBase"]
[SourceDate "2015.12.18"]
[SourceVersion "1"]
[SourceVersionDate "2015.12.18"]
[SourceQuality "1"]

1. e4 e5 2. Nf3 Nc6 3. Bc4 Nf6 4. d3 Be7 5. 0-0 0-0 6. Nc3 d6 7. h3 Na5 8. Qe2 c6 9. a4 Nxc4 10. dxc4 Qc7 11. Be3 Be6 12. Rad1 Rfd8 13. Bc1 h6 14. Rfe1 Rac8 15. Nh2 Qb6 16. Nf1 d5 17. exd5 cxd5 18. cxd5 Nxd5 19. Nxd5 Bxd5 20. Qxe5 Bf6 21. Qg3 Bxb2 22. Ne3 Be6 23. Bxb2 Qxb2 24. Rb1 Qc3 25. f4 b6 26. Kh2 Rd2 27. f5 Bd5 28. Rbd1 Rxd1 29. Rxd1 Be4 30. Rd7 a5 31. Qf4 Re8 32. Ng4 h5 33. Rc7 Qa1 34. Nf2 Qxa4 35. f6 Bxc2 36. Qg5 Bg6 37. fxg7 Qd4 38. Re7 Qd6+ 39. g3 Qxe7 40. Qh6 Bh7 41. Qxb6 Qe2 42. Qc5 Be4 43. g4 Ra8 44. Kg3 Qf3+ 45. Kh4 Qf6+ 46. g5 Qf4+ 47. Ng4 hxg4 48. Kh5 g3 49. h4 Bf3+ 0-1

[Event "Budapest FS11 IM"]
[Site "Budapest"]
[Date "2015.11.14"]
[Round "7"]
[White "Szalanczy, Emil"]
[Black "Gantsooj, Ganzorig"]
[Result "1/2-1/2"]
[WhiteElo "2276"]
[BlackElo "2208"]
[PlyCount "20"]
[EventDate "2015.11.07"]
[EventType "tourn"]
[EventRounds "9"]
[EventCountry "HUN"]
[EventCategory "1"]
[SourceTitle "CBM 169 Extra"]
[Source "ChessBase"]
[SourceDate "2015.12.18"]
[SourceVersion "1"]
[SourceVersionDate "2015.12.18"]
[SourceQuality "1"]

1. e4 e5 2. Nf3 Nf6 3. Nxe5 d6 4. Nf3 Nxe4 5. d4 d5 6. Bd3 Be7 7. 0-0 0-0 8. c4 Nf6 9. Nc3 dxc4 10. Bxc4 Nc6 1/2-1/2

[Event "Budapest FS11 IM"]
[Site "Budapest"]
[Date "2015.11.13"]
[Round "6"]
[White "Gantsooj, Ganzorig"]
[Black "To, Nhat Minh"]
[Result "1/2-1/2"]
[WhiteElo "2208"]
[BlackElo "2291"]
[PlyCount "107"]
[EventDate "2015.11.07"]
[EventType "tourn"]
[EventRounds "9"]
[EventCountry "HUN"]
[EventCategory "1"]
[SourceTitle "CBM 169 Extra"]
[Source "ChessBase"]
[SourceDate "2015.12.18"]
[SourceVersion "1"]
[SourceVersionDate "2015.12.18"]
[SourceQuality "1"]

1. e4 c5 2. Nf3 e6 3. d4 cxd4 4. Nxd4 Nc6 5. c4 Nf6 6. Nc3 Bb4 7. Nxc6 bxc6 8. Bd3 e5 9. Bd2 0-0 10. 0-0 d6 11. Rc1 Bg4 12. Qa4 Qb6 13. h3 Be6 14. a3 Bc5 15. b4 Bd4 16. Ne2 c5 17. Nxd4 cxd4 18. c5 Qc7 19. c6 d5 20. f3 dxe4 21. fxe4 a6 22. Rc5 Rfb8 23. Ra5 Bb3 24. Qxb3 Qxa5 25. Bg5 Qd8 26. a4 Qd6 27. Bxf6 gxf6 28. Bc4 Rxb4 29. Qg3+ Kf8 30. Bd5 Rb6 31. Qh4 Ke7 32. Qxh7 Rf8 33. Rc1 Qa3 34. Rf1 Qc3 35. Rxf6 Qe3+ 36. Kh2 Kxf6 37. Qf5+ Kg7 38. Qxe5+ f6 39. Qc7+ Kg6 40. Qxb6 Qf4+ 41. g3 Qf2+ 42. Kh1 Qf3+ 43. Kh2 Qe2+ 44. Kg1 Qe1+ 45. Kg2 Qd2+ 46. Kg1 Rh8 47. h4 Qe1+ 48. Kg2 Qe2+ 49. Kg1 Qd1+ 50. Kg2 Qe2+ 51. Kg1 Qe3+ 52. Kg2 Qe2+ 53. Kg1 Qe1+ 54. Kg2 1/2-1/2

[Event "Budapest FS11 IM"]
[Site "Budapest"]
[Date "2015.11.09"]
[Round "3"]
[White "Prilleltensky, Matan"]
[Black "Gantsooj, Ganzorig"]
[Result "1-0"]
[WhiteElo "2165"]
[BlackElo "2208"]
[PlyCount "83"]
[EventDate "2015.11.07"]
[EventType "tourn"]
[EventRounds "9"]
[EventCountry "HUN"]
[EventCategory "1"]
[SourceTitle "CBM 169 Extra"]
[Source "ChessBase"]
[SourceDate "2015.12.18"]
[SourceVersion "1"]
[SourceVersionDate "2015.12.18"]
[SourceQuality "1"]

1. d4 g6 2. e4 Bg7 3. Nc3 d6 4. Be3 Nd7 5. f4 a6 6. Nf3 b5 7. Bd3 c5 8. e5 cxd4 9. Bxd4 Nc5 10. Bxc5 dxc5 11. Be4 Ra7 12. Qxd8+ Kxd8 13. 0-0-0+ Kc7 14. Rd5 Kb6 15. Rd8 Be6 16. Rhd1 Nh6 17. Rxh8 Bxh8 18. Rd8 Bg7 19. Ng5 Kc7 20. Nxe6+ fxe6 21. Rd3 Nf7 22. g3 Bh6 23. Kd1 Kb6 24. h4 c4 25. Rf3 Rd7+ 26. Ke2 b4 27. Nd1 Rd4 28. Nf2 a5 29. c3 Rd8 30. Ng4 Kc5 31. Rf1 Rb8 32. Rd1 bxc3 33. bxc3 a4 34. Rd7 Rb2+ 35. Kf3 Rxa2 36. Rxe7 a3 37. Rxf7 Ra1 38. Rc7+ Kb5 39. Rb7+ Ka4 40. Ne3 a2 41. Nxc4 Rf1+ 42. Kg4 1-0

[Event "Olomouc op 18th"]
[Site "Olomouc"]
[Date "2015.08.16"]
[Round "3"]
[White "Zhou, Guijue"]
[Black "Gantsooj, Ganzorig"]
[Result "1-0"]
[WhiteElo "2207"]
[BlackElo "1800"]
[PlyCount "109"]
[EventDate "2015.08.15"]
[EventType "swiss"]
[EventRounds "9"]
[EventCountry "CZE"]
[SourceTitle "EXT 2016"]
[Source "ChessBase"]
[SourceDate "2015.10.08"]
[SourceVersion "1"]
[SourceVersionDate "2015.10.08"]
[SourceQuality "1"]

1. e4 d6 2. d4 g6 3. Nc3 Bg7 4. Be3 Nd7 5. f4 c5 6. Nf3 Ngf6 7. h3 cxd4 8. Bxd4 0-0 9. Be2 Bh6 10. g3 Qa5 11. Qd3 Nc5 12. Bxc5 Qxc5 13. 0-0-0 a6 14. Kb1 b5 15. e5 dxe5 16. Nxe5 Be6 17. Qd4 Qc7 18. Bg4 Rfd8 19. Qe3 Nxg4 20. hxg4 b4 21. Na4 Rxd1+ 22. Rxd1 Rc8 23. Rd2 Qa5 24. b3 Qb5 25. Nb6 Rb8 26. Nbd7 Bxd7 27. Nxd7 Qf1+ 28. Kb2 Bg7+ 29. Ne5 Rc8 30. Qe2 Qg1 31. Qf2 Qxf2 32. Rxf2 Rc3 33. a3 a5 34. axb4 axb4 35. Rd2 Bxe5 36. fxe5 Rxg3 37. Rd4 Re3 38. Rxb4 Rxe5 39. Rd4 f5 40. b4 fxg4 41. Rxg4 Kf7 42. c4 h5 43. Rg1 g5 44. b5 Ke6 45. Rd1 Rc5 46. Kb3 h4 47. Kb4 Rc8 48. b6 g4 49. c5 g3 50. b7 Rb8 51. c6 g2 52. Kc5 h3 53. c7 h2 54. c8Q+ Kf6 55. Qc6+ 1-0

[Event "Wch U12"]
[Site "Al Ain"]
[Date "2013.12.22"]
[Round "6"]
[White "Asadli, Vugar Afgan Oglu"]
[Black "Gantsooj, Ganzorig"]
[Result "1/2-1/2"]
[WhiteElo "1936"]
[BlackElo "1647"]
[PlyCount "63"]
[EventDate "2013.12.18"]
[EventType "swiss"]
[EventRounds "11"]
[EventCountry "UAE"]
[SourceTitle "CBM 158 Extra"]
[Source "ChessBase"]
[SourceDate "2014.02.28"]
[SourceVersion "1"]
[SourceVersionDate "2014.02.28"]
[SourceQuality "1"]

1. Nf3 Nf6 2. g3 g6 3. b3 Bg7 4. Bb2 0-0 5. Bg2 d6 6. d4 Nbd7 7. 0-0 c6 8. c4 Re8 9. Qd2 Ne4 10. Qc2 Ndf6 11. Nfd2 Nxd2 12. Nxd2 e5 13. Rad1 Qc7 14. dxe5 dxe5 15. c5 Be6 16. Nc4 Bxc4 17. Qxc4 Rad8 18. b4 a6 19. a4 Qe7 20. e4 h5 21. Qc3 Nh7 22. f4 Nf8 23. h3 Kh8 24. Kh2 f6 25. f5 h4 26. Bc1 Rxd1 27. Rxd1 Rd8 28. Rxd8 Qxd8 29. gxh4 gxf5 30. exf5 Qd7 31. Be4 Qd1 32. a5 1/2-1/2